[Event "Marsel IM"]
[Site "Dombaj"]
[Date "2011.07.??"]
[Round "7"]
[White "Akbaev, Kazbek"]
[Black "Krotov, Illia"]
[Result "1-0"]
[WhiteElo "2450"]
[BlackElo "2231"]
[PlyCount "53"]
[EventDate "2011.07.23"]
[EventType "swiss"]
[EventRounds "8"]
[EventCountry "RUS"]
[SourceTitle "EXT 2022"]
[Source "ChessBase"]
[SourceDate "2021.10.06"]
[SourceVersion "1"]
[SourceVersionDate "2021.10.06"]
[SourceQuality "1"]

1. e4 e5 2. Nf3 Nc6 3. Bb5 a6 4. Ba4 Nf6 5. 0-0 Be7 6. Bxc6 dxc6 7. d3 Nd7 8. Nbd2 0-0 9. Nc4 f6 10. d4 exd4 11. Nxd4 Nc5 12. f3 Qe8 13. Qe2 Rf7 14. Be3 Bd7 15. Qf2 Bf8 16. Rfd1 Rd8 17. Na5 b6 18. Nc4 Bc8 19. Re1 Ne6 20. Nf5 c5 21. Ng3 Bb7 22. c3 Qd7 23. Rac1 Ba8 24. f4 g6 25. f5 Ng7 26. Rc2 Qd3 27. Rd2 1-0

[Event "Azov Don Cup"]
[Site "Azov"]
[Date "2010.07.20"]
[Round "9"]
[White "Krotov, Illia"]
[Black "Ghane Gardeh, Shojaat"]
[Result "0-1"]
[WhiteElo "2300"]
[BlackElo "2368"]
[PlyCount "128"]
[EventDate "2010.07.13"]
[EventType "tourn"]
[EventRounds "11"]
[EventCountry "RUS"]
[EventCategory "6"]
[SourceTitle "EXT 2011"]
[Source "ChessBase"]
[SourceDate "2010.11.26"]
[SourceVersion "1"]
[SourceVersionDate "2010.11.26"]
[SourceQuality "1"]

1. Nf3 Nf6 2. g3 g6 3. d4 d5 4. Bg2 Bg7 5. Nc3 Nc6 6. 0-0 0-0 7. Ne5 Ng4 8. Nxc6 bxc6 9. f3 Nf6 10. Bg5 Rb8 11. b3 c5 12. Be3 c6 13. Qd2 cxd4 14. Bxd4 Qc7 15. Qe3 Rb4 16. Bc5 Rb7 17. Rad1 Nd7 18. Ba3 Qa5 19. Na4 Nb6 20. Qf4 Nc4 21. Bc1 Be6 22. Bd2 Nxd2 23. Qxd2 Rb4 24. Kf2 Rfb8 25. e3 d4 26. f4 c5 27. Rfe1 c4 28. exd4 cxb3 29. axb3 Bxd4+ 30. Kf1 Bg4 31. c3 Rxa4 32. bxa4 Bxc3 33. Qe3 Bxd1 34. Rxd1 Qxa4 35. Bf3 Bf6 36. h4 a5 37. h5 gxh5 38. Bxh5 Rb3 39. Rd3 Qa1+ 40. Kg2 a4 41. Be2 Rxd3 42. Bxd3 a3 43. Qe2 e6 44. Bc4 Kg7 45. g4 Qc1 46. Kf3 Qc3+ 47. Ke4 Qa1 48. f5 Qe5+ 49. Kf3 exf5 50. Qxe5 fxg4+ 51. Kxg4 Bxe5 52. Kh5 f5 53. Kg5 f4 54. Kg4 h5+ 55. Kf3 Kf6 56. Ba2 Bc7 57. Bb1 Ke5 58. Ba2 h4 59. Kg4 Bd8 60. Bb1 Bf6 61. Kh3 f3 62. Ba2 Kd4 63. Be6 Ke3 64. Kg4 f2 0-1

[Event "Azov Don Cup"]
[Site "Azov"]
[Date "2010.07.19"]
[Round "8"]
[White "Mihalichenko, Vladimir"]
[Black "Krotov, Illia"]
[Result "1-0"]
[WhiteElo "2407"]
[BlackElo "2300"]
[PlyCount "94"]
[EventDate "2010.07.13"]
[EventType "tourn"]
[EventRounds "11"]
[EventCountry "RUS"]
[EventCategory "6"]
[SourceTitle "EXT 2011"]
[Source "ChessBase"]
[SourceDate "2010.11.26"]
[SourceVersion "1"]
[SourceVersionDate "2010.11.26"]
[SourceQuality "1"]

1. d4 Nf6 2. c4 g6 3. Nc3 d5 4. cxd5 Nxd5 5. e4 Nxc3 6. bxc3 Bg7 7. Nf3 c5 8. Rb1 0-0 9. Be2 b6 10. 0-0 Qc7 11. Be3 Bb7 12. Bd3 Rd8 13. Qd2 Nd7 14. Bf4 Qc8 15. Bh6 Qc7 16. Bxg7 Kxg7 17. Qe3 Nf6 18. Rfd1 Ng4 19. Qg5 Nf6 20. d5 h6 21. Qh4 g5 22. Nxg5 c4 23. Bc2 a5 24. e5 Qxe5 25. Qxh6+ Kxh6 26. Nxf7+ Kg7 27. Nxe5 Bxd5 28. Rd4 Bg8 29. Rxb6 Rxd4 30. cxd4 Rd8 31. Rb7 Rxd4 32. Rxe7+ Kh6 33. Nf3 Rd8 34. a3 Bh7 35. Bxh7 Rd1+ 36. Re1 Rxe1+ 37. Nxe1 Kxh7 38. f3 Kg6 39. Kf2 Nd5 40. Nc2 Kg5 41. g3 Kf6 42. Ne3 Nb6 43. f4 Ke6 44. g4 c3 45. Ke2 Nc8 46. Kd3 Nd6 47. Kxc3 Nb5+ 1-0

[Event "Azov Don Cup"]
[Site "Azov"]
[Date "2010.07.18"]
[Round "7"]
[White "Tikhiy, Sergey"]
[Black "Krotov, Illia"]
[Result "1/2-1/2"]
[WhiteElo "2427"]
[BlackElo "2300"]
[PlyCount "93"]
[EventDate "2010.07.13"]
[EventType "tourn"]
[EventRounds "11"]
[EventCountry "RUS"]
[EventCategory "6"]
[SourceTitle "EXT 2011"]
[Source "ChessBase"]
[SourceDate "2010.11.26"]
[SourceVersion "1"]
[SourceVersionDate "2010.11.26"]
[SourceQuality "1"]

1. e4 c5 2. Nf3 d6 3. d4 cxd4 4. Nxd4 Nf6 5. Nc3 a6 6. Be2 e6 7. 0-0 Be7 8. a4 Nc6 9. Be3 Qc7 10. f4 0-0 11. Kh1 Bd7 12. Bd3 Rfe8 13. Qf3 Nb4 14. Qg3 Bf8 15. e5 Nfd5 16. Bd2 Nxd3 17. cxd3 Nxc3 18. Bxc3 g6 19. Rfc1 Rac8 20. Nf3 Bc6 21. Qh3 Bd5 22. Ng5 h6 23. Ne4 Bxe4 24. dxe4 dxe5 25. fxe5 Bb4 26. Qxh6 Bxc3 27. Rxc3 Qxe5 28. Rh3 Qxb2 29. Qh7+ Kf8 30. Rf1 Qg7 31. Qh4 Rc3 32. Rxc3 Qxc3 33. Qf4 Re7 34. Qg5 Qd3 35. Qf6 Kg8 36. h4 Rd7 37. h5 Qd4 38. hxg6 Qxf6 39. Rxf6 fxg6 40. Rxe6 Kg7 41. Kh2 Rd4 42. a5 Ra4 43. Kg3 Rxa5 44. Re7+ Kf6 45. Rxb7 Ra3+ 46. Kf4 g5+ 47. Kg4 1/2-1/2

[Event "Azov Don Cup"]
[Site "Azov"]
[Date "2010.07.16"]
[Round "5"]
[White "Malimonenko, Vita"]
[Black "Krotov, Illia"]
[Result "1/2-1/2"]
[WhiteElo "2222"]
[BlackElo "2300"]
[PlyCount "93"]
[EventDate "2010.07.13"]
[EventType "tourn"]
[EventRounds "11"]
[EventCountry "RUS"]
[EventCategory "6"]
[SourceTitle "EXT 2011"]
[Source "ChessBase"]
[SourceDate "2010.11.26"]
[SourceVersion "1"]
[SourceVersionDate "2010.11.26"]
[SourceQuality "1"]

1. d4 Nf6 2. Nf3 e6 3. c4 b6 4. g3 Ba6 5. Qc2 c5 6. d5 exd5 7. cxd5 Bb7 8. Bg2 Nxd5 9. 0-0 Be7 10. Rd1 Qc8 11. Qf5 Nf6 12. Nc3 Nc6 13. e4 d6 14. Qxc8+ Rxc8 15. Nh4 g6 16. Nb5 0-0 17. Nxd6 Rcd8 18. Bg5 Rxd6 19. Rxd6 Bxd6 20. Bxf6 Be5 21. Bxe5 Nxe5 22. Rd1 c4 23. Rd2 Rc8 24. f4 Nd3 25. e5 Bxg2 26. Kxg2 Rc5 27. Nf3 Rb5 28. Nd4 Rd5 29. Nf3 a5 30. Kf1 Rb5 31. Nd4 Rxb2 32. Rxb2 Nxb2 33. Ke2 f6 34. exf6 Kf7 35. Kd2 Na4 36. g4 Kxf6 37. h4 Ke7 38. g5 Kd6 39. f5 gxf5 40. Nxf5+ Ke5 41. Ne3 b5 42. h5 Ke6 43. Nd5 b4 44. Ne3 Nb6 45. Kc2 a4 46. Kb1 Ke7 47. Kc1 1/2-1/2

[Event "Azov Don Cup"]
[Site "Azov"]
[Date "2010.07.15"]
[Round "3"]
[White "Kornyukov, Alexey"]
[Black "Krotov, Illia"]
[Result "1-0"]
[WhiteElo "2452"]
[BlackElo "2300"]
[PlyCount "129"]
[EventDate "2010.07.13"]
[EventType "tourn"]
[EventRounds "11"]
[EventCountry "RUS"]
[EventCategory "6"]
[SourceTitle "EXT 2011"]
[Source "ChessBase"]
[SourceDate "2010.11.26"]
[SourceVersion "1"]
[SourceVersionDate "2010.11.26"]
[SourceQuality "1"]

1. e4 c5 2. Nf3 Nc6 3. d4 cxd4 4. Nxd4 Nf6 5. Nc3 e5 6. Ndb5 d6 7. Bg5 a6 8. Na3 b5 9. Nd5 Be7 10. Bxf6 Bxf6 11. c3 0-0 12. Nc2 Bg5 13. a4 bxa4 14. Rxa4 a5 15. Bc4 Rb8 16. b3 Kh8 17. Nce3 g6 18. h4 Bxh4 19. g3 Bg5 20. f4 exf4 21. gxf4 Bh4+ 22. Kd2 Ne7 23. Qg1 Nxd5 24. Nxd5 Be6 25. Qh2 g5 26. Qg1 Rb7 27. Qd4+ f6 28. fxg5 Bxg5+ 29. Kc2 Kg7 30. Rg1 h6 31. Rga1 Bf7 32. Rxa5 Qe8 33. Nb6 Rxb6 34. Bxf7 Rxf7 35. Qxb6 Qxe4+ 36. Kb2 Qe2+ 37. Ka3 Qc2 38. Qc6 f5 39. Rg1 Qd2 40. Qf3 Qc2 41. Ra6 Rc7 42. c4 Kh7 43. Rg2 Qb1 44. Qd5 Qa1+ 45. Ra2 Qb1 46. Ra8 Rg7 47. Kb4 Qe4 48. R2a5 Kg6 49. Qxd6+ Kh5 50. Qd1+ Kh4 51. Rd5 f4 52. Ra6 Re7 53. Kb5 Qe2 54. Qh1+ Kg4 55. Qg1+ Kf3 56. Ra1 Qg2 57. Qd1+ Kg3 58. c5 Rf7 59. Qe1+ Qf2 60. Qe6 Rb7+ 61. Kc6 Rxb3 62. Rh1 Qg2 63. Qe1+ Kg4 64. Rg1 Qxg1 65. Qxg1+ 1-0

[Event "Azov Don Cup"]
[Site "Azov"]
[Date "2010.07.15"]
[Round "4"]
[White "Krotov, Illia"]
[Black "Eryomenko, Volodymyr"]
[Result "0-1"]
[WhiteElo "2300"]
[BlackElo "2512"]
[PlyCount "50"]
[EventDate "2010.07.13"]
[EventType "tourn"]
[EventRounds "11"]
[EventCountry "RUS"]
[EventCategory "6"]
[SourceTitle "EXT 2011"]
[Source "ChessBase"]
[SourceDate "2010.11.26"]
[SourceVersion "1"]
[SourceVersionDate "2010.11.26"]
[SourceQuality "1"]

1. d4 Nf6 2. c4 g6 3. Nf3 Bg7 4. Nc3 0-0 5. e4 d6 6. Be2 e5 7. Be3 Ng4 8. Bg5 f6 9. Bh4 Nc6 10. d5 Ne7 11. Nd2 Nh6 12. f3 g5 13. Bf2 f5 14. c5 Ng6 15. 0-0 Nf4 16. Rc1 Nf7 17. b4 a5 18. b5 dxc5 19. Bxc5 Nd6 20. Nc4 Rf7 21. Nxd6 cxd6 22. Bf2 Bd7 23. Na4 Rb8 24. Nb6 fxe4 25. fxe4 Bh3 0-1